| 000 | 00515nam a22001817a 4500 | ||
|---|---|---|---|
| 003 | CEME | ||
| 005 | 20210628210707.0 | ||
| 008 | 210211b xxu||||| |||| 00| 0 eng d | ||
| 020 | _a0-7821-2370-8 | ||
| 040 | _c. | ||
| 082 | _a005.3 GET | ||
| 100 |
_aGetz, Ken Litwin, Paul Gilbert, Mike _980582 |
||
| 245 | _aAccess 2000 developer's handbook volume 1: desktop edition | ||
| 260 |
_aSAN FRANCISCO _bSYBEX _c1999 |
||
| 300 | _a1625P | ||
| 650 |
_aMICROSOFT ACCESS 2000-DESKTOP EDITION _980583 |
||
| 942 |
_cBK _2ddc |
||
| 999 |
_c585486 _d585486 |
||